000 00825nam a2200229Ii 4500
003 JO-AjNU
008 230605s9999||||xx |||||||||||||| ||und||
017 _a2010/7/2530
020 _a978-9957-24-661-7
040 _aJO-AjNU
_bara
_erda
_cJO-AjNU
041 _aara
050 1 4 _aHF 5657.4.J86 2011
100 3 _aجمعة،احمد حلمي,
_eauthor
_930454
245 0 0 _aالمحاسبة الادارية التخطيط والرقابة وصنع القرار
250 _aط1
264 3 1 _aعمان: دار صفاء للنشر والتوزيع، 2011
300 _a512ص
_bيحتوي على ملاحق و ببلوغرافية من ص 465-512ص
336 _atext
_btxt
_2rdacontent
337 _aunmediated
_bn
_2rdamedia
338 _avolume
_bnc
_2rdacarrier
650 4 _aالمحاسبة الادارية
_930455
999 _aA12075
_c15643
_d15643